La curée

Salvato in:
Dettagli Bibliografici
Autore principale: Zola, Émile
Natura: Libro
Lingua:Undetermined
Pubblicazione: París, Francia Pocket 1990
Soggetti:
Tags: Aggiungi Tag
Nessun Tag, puoi essere il primo ad aggiungerne!!

MARC

LEADER 00000nam a2200000Ia 4500
008 170316s9999 xx 000 0 und d
040 |a cru BVZT 
090 |a 840 Z-1c 
100 |a Zola, Émile 
245 |a La curée 
260 |a París, Francia 
260 |b Pocket 
260 |c 1990 
300 |a 434 páginas 
650 |a LITERATURA FRANCESA 
650 |a NOVELA 
999 |c 8078  |d 8078 
942 |c 15 D  |h 840 Z-1c  |2 z